|
|
|
|
| LEADER |
00000nam a2200000 a 4500 |
| 001 |
vtls008863447 |
| 003 |
SK-MaSNL |
| 005 |
20260302014415.0 |
| 008 |
031216s1540 be 1 0 lat |
| 015 |
|
|
|a SNBHFA
|
| 035 |
|
|
|a cpl000124218
|
| 040 |
|
|
|a SNKHF
|b slo
|c SNKHF
|e rda
|
| 041 |
0 |
|
|a lat
|
| 044 |
|
|
|a be
|c BE
|
| 072 |
|
7 |
|a 27-1/-2
|x Kresťanská teológia. Dogmatická teológia
|2 konspekt
|
| 080 |
|
|
|a 27-29
|2 2011
|
| 080 |
|
|
|a 82-1
|2 2011
|
| 100 |
1 |
|
|a Prudentius, Aurelius Clemens
|d 348-okolo 405
|4 aut
|9 129978
|
| 245 |
1 |
0 |
|a Avrelii Prvdentii Clementis Viri Consvlaris Opera Mvlto quam antea castigatiora, praeterea et Aelij Antonij Nebrissensis commentarijs haud poenitendis illustrata quibus insuper adglutinata sunt Scholia Ioannis Sichardi, quae omnia nunc primum in Philomusorum gratia excusa sunt. Singulorum librorum catalogum indicabit uersa pagella
|
| 264 |
|
3 |
|a Antverpiae
|b apud Ioannem Steelsium, sub scuto Burgundiae
|c Anno MDXL (1540)
|
| 300 |
|
|
|a 8 nečíslovaných listov, 259 listov
|c 8°
|c 16 x 11 cm
|
| 336 |
|
|
|a text
|b txt
|2 rdacontent
|
| 337 |
|
|
|a bez média
|b n
|2 rdamedia
|
| 338 |
|
|
|a zväzok
|b nc
|2 rdacarrier
|
| 500 |
|
|
|a Vinety, iniciálky s ornamentálnym pozadím na 3, 5 riadkov, kustódy
|
| 510 |
4 |
|
|a Adams P/2182
|
| 546 |
|
|
|a Latinčina
|b Kurzíva
|
| 650 |
0 |
7 |
|a kresťanská literatúra
|2 SNKPH
|9 1742
|
| 650 |
0 |
7 |
|a poézia
|2 SNKPH
|9 1274
|
| 700 |
1 |
|
|a Antonio de Lebrija, Elio,
|d 1444-1522
|4 aka
|9 72213
|
| 700 |
1 |
|
|a Sichard, Johann,
|d 1499-1552
|4 dto
|9 130576
|
| 700 |
1 |
|
|a Steels, Joannes,
|d zomrel 1562
|4 prt
|9 130693
|
| 700 |
1 |
|
|a Golia, Martin
|4 hnr
|9 195863
|
| 752 |
|
|
|a Belgicko
|d Antverpy
|
| 852 |
|
|
|a snk
|h ID 61206
|
| 958 |
|
|
|a DA
|
| 958 |
|
|
|a ONDV
|
| 999 |
|
|
|c 1016825
|d 1018755
|
| 952 |
|
|
|t Tlače 16. storočia
|a SNK
|b SNK
|c SNK_HF
|y PREZ
|7 0
|p 17A1359141
|o snkID 61206
|i snkF 3201/73
|0 0
|1 0
|4 0
|d 2021-07-28
|f 1
|l 0
|r 2026-02-24 13:12:04
|w 2026-02-24
|